000 00903nam a2200277 4500
001 0000019426
003 CO-CtgCURN
005 20250730205955.0
008 160627s1996 000 0 eng d
020 _a9589534503
040 _aCO-CtgCURN
_bspa
_ccoctgcurn
082 0 _a624.2
_bH377p
100 1 _aHerrera M, Jeronimo H.
245 1 0 _aPuentes /
_cJeronimo H Herrera M.
250 _a2a ed.
260 _aBogotá :
_bUniversidad catolica de colombia,
_c1996.
300 _a146 p.
336 _2rdacontent
337 _2rdamedia
_asin mediacion
_bn
338 _2rdacarrier
_avolumen
_bnc
505 8 _aPuentes.--Normas.--Puentes de luz simples.--Infraestructuras.--Aparato de apoyo.--Puentes con voladizo
650 0 _aConstrucción de puentes.
908 _a160627
942 _cBK
_h624.2
_iH377p
_2ddc
999 _c49319
_d49319
_x1